Návrh řešení hlavních ekologických problémů na území ČSR zpráva pro závěrečné oponentní řízení : SPEV 902 311 203/03

Guardado en:
Detalles Bibliográficos
Autor principal: Mikulková, Božena
Otros Autores: Norský, Jaroslav
Formato: Libro
Lenguaje:checo
Publicado: Ostrava Výzkumný ústav rozvoja oblasti a měst 1985
Etiquetas: Agregar Etiqueta
Sin Etiquetas, Sea el primero en etiquetar este registro!

MARC

LEADER 00000nam a2200000 4500
001 c104234
005 20181203150247.1
041 0 |a cze 
044 |a CZ 
245 1 0 |a Návrh řešení hlavních ekologických problémů na území ČSR  |b zpráva pro závěrečné oponentní řízení : SPEV 902 311 203/03  |c Božena Mikulková, Jaroslav Norský 
264 1 |a Ostrava  |b Výzkumný ústav rozvoja oblasti a měst  |c 1985 
300 |a 24 s. 
100 1 |a Mikulková, Božena 
700 1 |a Norský, Jaroslav